Medzinárodné vzťahy 2013 aktuálne otázky svetovej ekonomiky a politiky : zborník príspevkov zo 14. medzinárodnej vedeckej konferencie : Zámok Smolenice, 5. - 6. december 2013

Salvato in:
Dettagli Bibliografici
Enti autori: Medzinárodné vzťahy 2013 : aktuálne otázky svetovej ekonomiky a politiky. Medzinárodná vedecká konferencia, Ekonomická univerzita v Bratislave. Fakulta medzinárodných vzťahov
Altri autori: Lipková, Ľudmila, Kucharčík, Rudolf, 1977-, Strážovská, Helena, Lysák, Ladislav, Kurucz, Milan, 1954-
Natura: Libro
Lingua:slovacco
inglese
ceco
polacco
francese
Pubblicazione: Bratislava Vydavateľstvo EKONÓM 2013
Soggetti:
Tags: Aggiungi Tag
Nessun Tag, puoi essere il primo ad aggiungerne!!

MARC

LEADER 00000nlm$a2200000$$$4500
001 0183610
005 20240509104552.1
020 |a 978-80-225-3802-2 
041 0 |a slo 
041 0 |a eng 
041 0 |a cze 
041 0 |a pol 
041 0 |a fre 
044 |a SK 
245 1 0 |a Medzinárodné vzťahy 2013  |b aktuálne otázky svetovej ekonomiky a politiky : zborník príspevkov zo 14. medzinárodnej vedeckej konferencie : Zámok Smolenice, 5. - 6. december 2013  |c editors: Ľudmila Lipková, Rudolf Kucharčík 
264 1 |a Bratislava  |b Vydavateľstvo EKONÓM  |c 2013 
300 |a CD-ROM [851 s., 42,55 AH] 
610 2 0 |a hospodárstvo svetové 
610 2 0 |a politika medzinárodná 
610 2 0 |a politika svetová 
610 2 0 |a vzťahy hospodárske medzinárodné 
610 2 0 |a vzťahy medzinárodné 
610 2 0 |a vzťahy politické medzinárodné 
610 2 0 |a vzťahy interkultúrne 
700 1 |a Lipková, Ľudmila 
700 1 |a Kucharčík, Rudolf, 1977- 
700 1 |a Strážovská, Helena 
700 1 |a Lysák, Ladislav 
700 1 |a Kurucz, Milan, 1954- 
110 2 |a Medzinárodné vzťahy 2013 : aktuálne otázky svetovej ekonomiky a politiky. Medzinárodná vedecká konferencia 
710 2 |a Ekonomická univerzita v Bratislave. Fakulta medzinárodných vzťahov